| 000 | 00374nam a22001457a 4500 | ||
|---|---|---|---|
| 082 |
_a624.15 _bBAK _cL-14, P-63 |
||
| 100 |
_aBaker, A.L.I. _942372 |
||
| 245 | _aRaft foundations. | ||
| 250 | _a3rd ed. | ||
| 260 |
_aGreat Britain _bLondon _c1957 |
||
| 300 |
_a148 p. : _bill. : _c8 Cm |
||
| 526 |
_a0 _b0 _c0 _d624_150000000000000_BAK |
||
| 650 |
_aMCE _9379 |
||
| 942 |
_2ddc _cBK |
||
| 999 |
_c546280 _d546280 |
||